| 000 | 01427nam a2200229Ia 4500 | ||
|---|---|---|---|
| 003 | Ost | ||
| 005 | 20260416102357.0 | ||
| 008 | 260416s9999||||xx |||||||||||||| ||und|| | ||
| 040 | _cfsecg | ||
| 041 | _aara | ||
| 082 | _a332 | ||
| 100 |
_aالعربي، نعيمة _eمؤلف |
||
| 245 | 0 |
_aالهندسة المالية : _bمطبوعة موجهة لطلبة قسم علوم التسيير و العلوم التجارية / _c نعيمة العربي |
|
| 260 |
_aالجزائر _bجامعة الجزائر3: كلية العلوم الإقتصادية، العلوم التجارية وعلوم التسيير _c2020 |
||
| 300 |
_a198 ورقة _c30 سم |
||
| 504 | _aمراجع ص.191 | ||
| 520 | _aأساسيات العولمة المالية ، فلسفة الهندسة المالية ، تشخيص و تقييم المؤسسة ، آليات و أساليب جلب الأموال ، أدوات الهندسة المالية و تقنياتها ، إعادة هيكلة الشركات و تقنيات جلب الأموال ، علاقة الهندسة المالية بالأزمات المالية ،ة الهندسة المالية الاسلامية . | ||
| 653 | _aالمالية | ||
| 653 | _aالهندسة المالية | ||
| 710 |
_aجامعة الجزائر3: كلية العلوم الإقتصادية، العلوم التجارية وعلوم التسيير _eناشر علمي |
||
| 942 | _cHANDOUT | ||
| 999 |
_c41244 _d41244 |
||